Ораторы Греции: пер. с древнегреч.; Ораторское искусство Древней Греции; Похвала Елене; Оправдательная речь по делу об убийстве Эратосфена; Панегирик; О предательском посольстве; О предательском посольстве; Против Ктесифонта о венке; Олимпийская речь, или Об изначальном сознавании божества; Троянская речь в защиту того, что Илион взят не был; Вторая священная речь; Надгробное слово по Юлиану; Об умеряющем свои страсти, или О чадолюбце

Λεπτομέρειες βιβλιογραφικής εγγραφής
Γλώσσα:Ρωσικά
Έκδοση: Москва, Художественная литература, 1985
TOC:В. Борухович, Ораторское искусство Древней Греции;
Горгий из Леонтин, Похвала Елене;
Лисий, Оправдательная речь по делу об убийстве Эратосфена;
Исократ, Панегирик;
Демосфен, О предательском посольстве;
О предательском посольстве;
Эсхин, Против Ктесифонта о венке;
Олимпийская речь, или Об изначальном сознавании божества;
Дион Хрисостом, Троянская речь в защиту того, что Илион взят не был;
Элий Аристид, Вторая священная речь;
Либаний, Надгробное слово по Юлиану;
Фемистий, Об умеряющем свои страсти, или О чадолюбце;
Σειρά:Библиотека античной литературы
Θέματα:
Μορφή: MixedMaterials Βιβλίο
KOHA link:https://koha.lib.tpu.ru/cgi-bin/koha/opac-detail.pl?biblionumber=19468

MARC

LEADER 00000nam0a2200000 4500
001 19468
005 20231030191722.0
035 |a (RuTPU)RU\TPU\book\19632 
035 |a BOOK00019703 
090 |a 19468 
100 |a 20011209d1985 km y0rusy50 ca 
101 1 |a rus  |c grc 
102 |a RU 
105 |a y z 000zd 
200 1 |a Ораторы Греции  |e пер. с древнегреч. 
210 |a Москва  |c Художественная литература  |d 1985 
215 |a 495 с. 
225 1 |a Библиотека античной литературы 
464 |t Ораторское искусство Древней Греции  |f В. Борухович 
464 |t Похвала Елене  |f Горгий из Леонтин 
464 |t Оправдательная речь по делу об убийстве Эратосфена  |f Лисий 
464 |t Панегирик  |f Исократ 
464 |t О предательском посольстве  |f Демосфен 
464 |t О предательском посольстве 
464 |t Против Ктесифонта о венке  |f Эсхин 
464 |t Олимпийская речь, или Об изначальном сознавании божества 
464 |t Троянская речь в защиту того, что Илион взят не был  |f Дион Хрисостом 
464 |t Вторая священная речь  |f Элий Аристид 
464 |t Надгробное слово по Юлиану  |f Либаний 
464 |t Об умеряющем свои страсти, или О чадолюбце  |f Фемистий 
610 1 |a русская философия 
610 1 |a античная философия 
610 1 |a история 
610 1 |a Древняя Греция 
610 1 |a древнегреческая философия 
610 1 |a ораторское искусство 
675 |a 88  |v 3 
801 0 |a RU  |b 63413507  |c 20011209  |g PSBO 
801 2 |a RU  |b 63413507  |c 20110707  |g PSBO 
942 |c BK